| 000 | 00453cam a2200169ua 4500 | ||
|---|---|---|---|
| 041 |
_aeng _h |
||
| 082 |
_a828.09 _bBEN/ST |
||
| 100 | _aBennett, H.S . | ||
| 245 |
_aStudies in Shakespeare / _cH.S.Bennett. _hTextual Documents |
||
| 260 |
_aLondon : _bOxford University Press , _c1964. |
||
| 300 | _a246 ; . | ||
| 440 | 0 |
_aOxford paper backs, _vno:81 _x; |
|
| 490 | 0 |
_aOxford paper backs, _vno:81 _x; |
|
| 504 | _a | ||
| 942 | _cBK | ||
| 999 |
_c836 _d836 |
||